000
00204 a2200097 4500
001
11672
090
_c
8983
_d
8983
100
_a
Jane's
245
_a
Jane's Aircraft upgrades1995-96, 3/e
260
_a
uk
_b
Janes
_c
1995
942
_a
NUST-CAE
999
_c
246745
_d
246745